Gradabzeichen Schweizerarmee - Statistiken

Allgemein
  • Dieses Quiz wurde 24 mal gespielt
  • Das Durchschnittsergebnis liegt bei 19 aus 24
Antwortstatistiken
Bildquiz Antwort % Korrekt
General
100%
Soldat
100%
Fachoffizier
92%
Gefreiter
92%
Hauptmann
92%
Leutnant
92%
Obergefreiter
92%
Oberleutnant
92%
Oberst
92%
Brigadier
83%
Divisionär
83%
Feldweibel
83%
Korporal
83%
Korpskommandant
83%
Major
83%
Oberstleutnant
83%
Fourier
75%
Oberwachtmeister
75%
Wachtmeister
75%
Hauptfeldweibel
67%
Adjutant Unteroffizier
50%
Chefadjutant
50%
Hauptadjutant
50%
Stabsadjutant
50%
Keine übereinstimmenden Quizze gefunden
Verteilung der Resultate
Anzahl Personen mit jedem Resultat
Perzentil nach korrekt beantworteten Fragen
Ihre Resultats-Entwicklung
Sie haben dieses Quiz noch nicht gespielt